000 00411nam a2200157Ia 4500
008 240729s9999 xx 000 0 und d
022 _a1873-6297
245 0 _aActa Psychologica
260 _aNetherlands
260 _bElsevier
650 _a Psychology
650 _aPhilosophy. Psychology. Religion
856 _uhttps://doaj.org/toc/ccbace2c4ad943b791c7d48123ddf931
942 _2ddc
942 _cDOAJEJ
999 _c71918
_d71918
945 _a1
_bMadushi Gamage
_c1
_dMadushi Gamage